[Event "Izhevsk Krasnoperov Memorial"]
[Site "Izhevsk"]
[Date "2008.09.??"]
[Round "9"]
[White "Fayzrakhmanov, Robert G"]
[Black "Filipenko, Alexander V"]
[Result "0-1"]
[WhiteElo "2227"]
[BlackElo "2341"]
[PlyCount "162"]
[EventDate "2008.09.??"]
[EventType "tourn"]
[EventRounds "9"]
[EventCountry "RUS"]
[SourceTitle "EXT 2010"]
[Source "ChessBase"]
[SourceDate "2010.11.25"]
[SourceVersion "1"]
[SourceVersionDate "2010.11.25"]
[SourceQuality "1"]

1. e4 c5 2. Nf3 d6 3. d4 cxd4 4. Nxd4 Nf6 5. Nc3 Nc6 6. g3 g6 7. Nde2 Bg7 8. Bg2 0-0 9. 0-0 Rb8 10. a4 a6 11. Nd5 b5 12. axb5 axb5 13. Rb1 Nd7 14. Be3 e6 15. Ndc3 Qc7 16. Nd4 Nxd4 17. Bxd4 b4 18. Bxg7 Kxg7 19. Na2 Nf6 20. c3 bxc3 21. Nxc3 Ba6 22. Re1 Rb4 23. Qd2 Rfb8 24. Red1 R8b6 25. Qc1 Qb8 26. Rd2 Bb7 27. Qc2 Qa8 28. Re2 Nd7 29. Qd1 Nc5 30. Rd2 Nxe4 31. Ra1 Qb8 32. Nxe4 Bxe4 33. Bxe4 Rxe4 34. Ra4 Rbb4 35. Rxb4 Qxb4 36. Qc1 d5 37. Qc3+ Qxc3 38. bxc3 g5 39. Kg2 Rc4 40. Rd3 g4 41. h3 h5 42. hxg4 hxg4 43. f4 Kf6 44. Kf2 Kf5 45. Ke3 Re4+ 46. Kf2 Ra4 47. Ke3 Ra2 48. Kd4 Rf2 49. Rd1 Rg2 50. Rd3 Rg1 51. c4 dxc4 52. Re3 f6 53. Kxc4 Rd1 54. Re2 e5 55. fxe5 fxe5 56. Re3 Rf1 57. Kd3 Rf3 58. Kd2 e4 59. Rc3 Ke5 60. Rc8 Rxg3 61. Re8+ Kf5 62. Rf8+ Kg5 63. Rg8+ Kf6 64. Rf8+ Kg6 65. Rg8+ Kf7 66. Rg5 Kf6 67. Rg8 Rd3+ 68. Ke2 Kf5 69. Rf8+ Kg5 70. Re8 Rf3 71. Rxe4 Kh4 72. Ke1 Kh3 73. Re8 g3 74. Rh8+ Kg2 75. Rh7 Re3+ 76. Kd2 Re8 77. Rh6 Kf2 78. Rf6+ Kg1 79. Rf7 g2 80. Rh7 Re5 81. Rf7 Rh5 0-1

[Event "Udmurtia-ch final"]
[Site "Izhevsk"]
[Date "2006.12.21"]
[Round "8"]
[White "Fayzrakhmanov, Robert G"]
[Black "Lykov, Sergey"]
[Result "0-1"]
[WhiteElo "2276"]
[BlackElo "2240"]
[PlyCount "88"]
[EventDate "2006.12.15"]
[EventType "tourn"]
[EventRounds "11"]
[EventCountry "RUS"]
[EventCategory "1"]
[SourceTitle "EXT 2019"]
[Source "ChessBase"]
[SourceDate "2018.10.10"]
[SourceVersion "1"]
[SourceVersionDate "2018.10.10"]
[SourceQuality "1"]

1. e4 e6 2. d4 d5 3. Nc3 Bb4 4. e5 Ne7 5. a3 Bxc3+ 6. bxc3 c5 7. Qg4 Qc7 8. Qxg7 Rg8 9. Qxh7 cxd4 10. Ne2 Nbc6 11. f4 Bd7 12. Qd3 dxc3 13. Qxc3 Nf5 14. h3 0-0-0 15. g4 d4 16. Qd3 Nh4 17. Ng3 Nxe5 18. fxe5 Qxe5+ 19. Be2 Bc6 20. 0-0 f5 21. Kh2 fxg4 22. Bxg4 Qd5 23. Ne4 Bb5 24. c4 Bxc4 25. Qc2 d3 26. Nf6 dxc2 27. Nxd5 Rxg4 28. Rf2 Rg2+ 29. Rxg2 Nxg2 30. Nb4 Ne1 31. Be3 a5 32. Rxe1 axb4 33. axb4 Rd1 34. Rg1 Kd7 35. Kg2 Kc6 36. h4 Kb5 37. h5 Kxb4 38. h6 Bd3 39. Kf2 Rxg1 40. Kxg1 Kb3 41. Bc1 Ka2 42. Kf2 Kb1 43. Ke3 Bf5 44. Kd2 b5 0-1

[Event "Udmurtia-ch final"]
[Site "Izhevsk"]
[Date "2006.12.18"]
[Round "5"]
[White "Filipenko, Alexander V"]
[Black "Fayzrakhmanov, Robert G"]
[Result "1-0"]
[WhiteElo "2376"]
[BlackElo "2276"]
[PlyCount "71"]
[EventDate "2006.12.15"]
[EventType "tourn"]
[EventRounds "11"]
[EventCountry "RUS"]
[EventCategory "1"]
[SourceTitle "EXT 2019"]
[Source "ChessBase"]
[SourceDate "2018.10.10"]
[SourceVersion "1"]
[SourceVersionDate "2018.10.10"]
[SourceQuality "1"]

1. Nf3 d5 2. c4 c6 3. d4 Nf6 4. e3 e6 5. Nbd2 Nbd7 6. Bd3 dxc4 7. Nxc4 b5 8. Nce5 Bb7 9. 0-0 Nxe5 10. dxe5 Nd7 11. b3 Nc5 12. Bc2 Qxd1 13. Rxd1 Be7 14. Bb2 Rd8 15. Bc3 Nd7 16. Ba5 Nb6 17. a4 bxa4 18. bxa4 0-0 19. Rdb1 Bc5 20. Ng5 Rd5 21. Bc3 Ba6 22. Bxh7+ Kh8 23. Be4 Rdd8 24. Bxc6 Rc8 25. Bb5 Bxb5 26. axb5 Bxe3 27. fxe3 Rxc3 28. Rxa7 Rxe3 29. Rb7 Nc4 30. b6 Nxe5 31. Rc7 Rd3 32. b7 Rdd8 33. Rb5 Ng4 34. Nxf7+ Rxf7 35. Rxf7 Kg8 36. Rf4 1-0

[Event "Privolzhskogo FO-ch"]
[Site "Izhevsk"]
[Date "2005.03.24"]
[Round "9"]
[White "Belenov, Dmitry N"]
[Black "Fayzrakhmanov, Robert G"]
[Result "0-1"]
[WhiteElo "2364"]
[BlackElo "2283"]
[PlyCount "66"]
[EventDate "2005.03.16"]
[EventType "swiss"]
[EventRounds "9"]
[EventCountry "RUS"]
[SourceTitle "CBM 105 Extra"]
[Source "ChessBase"]
[SourceDate "2005.05.01"]
[SourceVersion "1"]
[SourceVersionDate "2005.05.01"]
[SourceQuality "1"]

1. d4 d5 2. Nf3 c6 3. c4 Nf6 4. Nc3 e6 5. e3 Nbd7 6. Qc2 Bd6 7. g4 dxc4 8. Bxc4 b6 9. g5 Nd5 10. e4 Nxc3 11. bxc3 Bb7 12. Be3 Qc7 13. 0-0-0 0-0-0 14. Bb3 c5 15. h4 a6 16. Nd2 b5 17. c4 Kb8 18. d5 exd5 19. exd5 Nb6 20. Kb1 bxc4 21. Nxc4 Nxd5 22. Rxd5 Bxd5 23. Rd1 Bf4 24. Rxd5 Rxd5 25. Qe4 Bxe3 26. Qxd5 Bxf2 27. Ne5 Rc8 28. Nd7+ Ka7 29. Qxf7 Bd4 30. Bc4 Qb7+ 31. Kc2 Rc7 32. Be6 Qe4+ 33. Kd2 Rb7 0-1

[Event "Privolzhskogo FO-ch"]
[Site "Izhevsk"]
[Date "2005.03.16"]
[Round "1"]
[White "Skatchkov, Pavel"]
[Black "Fayzrakhmanov, Robert G"]
[Result "1-0"]
[WhiteElo "2483"]
[BlackElo "2283"]
[PlyCount "69"]
[EventDate "2005.03.16"]
[EventType "swiss"]
[EventRounds "9"]
[EventCountry "RUS"]
[SourceTitle "CBM 105 Extra"]
[Source "ChessBase"]
[SourceDate "2005.05.01"]
[SourceVersion "1"]
[SourceVersionDate "2005.05.01"]
[SourceQuality "1"]

1. d4 d5 2. Nf3 c6 3. c4 Nf6 4. Nc3 e6 5. e3 Nbd7 6. Bd3 dxc4 7. Bxc4 b5 8. Bd3 a6 9. 0-0 c5 10. e4 Bb7 11. d5 c4 12. Bc2 Qc7 13. dxe6 fxe6 14. Ng5 Nc5 15. Be3 h6 16. Nf3 Ncxe4 17. Nxe4 Bxe4 18. Bxe4 Nxe4 19. Nd4 Qf7 20. a4 b4 21. Qe2 e5 22. Nf3 Bd6 23. Rad1 0-0-0 24. Bb6 Ng5 25. Nxg5 hxg5 26. Bxd8 Rxd8 27. Qe4 Kb8 28. Rd5 Qc7 29. Rc1 Rc8 30. Qg6 Rd8 31. Rcd1 c3 32. bxc3 bxc3 33. Rxd6 Rxd6 34. Qxd6 Qxd6 35. Rxd6 1-0

[Event "RUS-ch U26"]
[Site "Ufa"]
[Date "2004.05.11"]
[Round "7"]
[White "Fayzrakhmanov, Robert G"]
[Black "Sanatullin, Rinat"]
[Result "0-1"]
[WhiteElo "2332"]
[BlackElo "2130"]
[PlyCount "124"]
[EventDate "2004.05.??"]
[EventType "swiss"]
[EventRounds "9"]
[EventCountry "RUS"]
[SourceTitle "EXT 2005"]
[Source "ChessBase"]
[SourceDate "2004.11.15"]
[SourceVersion "1"]
[SourceVersionDate "2004.11.15"]
[SourceQuality "1"]

1. e4 c6 2. d4 d5 3. Nc3 dxe4 4. Nxe4 Bf5 5. Ng3 Bg6 6. h4 h6 7. Nf3 Nd7 8. h5 Bh7 9. Bd3 Bxd3 10. Qxd3 e6 11. Bd2 Qc7 12. 0-0-0 0-0-0 13. Ne4 Ngf6 14. g3 Nxe4 15. Qxe4 Bd6 16. c4 c5 17. Bc3 Nf6 18. Qe2 cxd4 19. Nxd4 a6 20. Nb3 Rd7 21. Kb1 Rhd8 22. c5 Bf8 23. Rc1 Qc6 24. Rh4 Qb5 25. Rc4 Rd1 26. Rxd1 Rxd1+ 27. Kc2 Rd5 28. Nd4 Qe8 29. c6 Rc5 30. cxb7+ Kxb7 31. Rxc5 Bxc5 32. Nb3 Bb6 33. Bxf6 gxf6 34. Qf3+ Qc6+ 35. Qxc6+ Kxc6 36. f3 f5 37. Kd3 Kd5 38. Nc1 e5 39. Ke2 Bd4 40. Nd3 Kc4 41. g4 e4 42. b3+ Kc3 43. fxe4 fxe4 44. Nf4 Kb2 45. Nd5 Kxa2 46. Nb4+ Kxb3 47. Nxa6 Kc4 48. Nc7 Kc5 49. Na6+ Kb5 50. Nc7+ Kc6 51. Na6 Kd5 52. Nc7+ Ke5 53. Nb5 Bc5 54. Nc3 Kf4 55. Nd5+ Kxg4 56. Nf6+ Kf5 57. Nd7 Bd4 58. Nb8 Kg5 59. Nc6 Bb6 60. Ne5 f5 61. Nc4 Bc5 62. Ne5 Kxh5 0-1